000 00472 a2200157 4500
003 OSt
005 20231205123511.0
008 231205b |||||||| |||| 00| 0 eng d
020 _a9789354600180
040 _coclc
082 _a909.076
_bRED/W
100 _aReddy, K Krishna
_98380
245 _aWorld history for civil services examination /
_cKrishna Reddy
260 _bMc graw hill,
_c2023.
942 _2ddc
_cBK
_h909.076
_iRED/W
_k909.076
_mRED/W
999 _c43815
_d43815